Les portes et barrières de Paris de 950 à 1973 - Statistiques

Statistiques générales
  • Ce quiz a été pris 29 fois
  • Le résultat moyen est 154 sur 302
Statistiques - réponses
Année Indice 1 Indice 2 Réponse % Correct
1786 Petite église C Barrière de la {Chapelle}
85%
1784 Voisin transalpin I Barrière d'{Italie}
85%
1840 Modeste lieu de culte C Porte de La {Chapelle}
85%
1973 Mène à l'A1 C Porte de la {Chapelle}
85%
1840 Palais de Louis XIV V Porte de {Versailles}
85%
1973 Préfecture des Yvelines V Porte de {Versailles}
85%
1840 Capitale Rome I Porte d'{Italie}
85%
1973 Voisine du sud I Porte d'{Italie}
85%
1845 Elle ne brillait pourtant pas ! D Porte {Dorée}
85%
1973 Jaune cuivré D Porte {Dorée}
85%
1840 Préfecture du Loiret O Porte d'{Orléans}
85%
1845 Libérée par Jeanne d'Arc O Porte d'{Orléans}
85%
1973 Son nom était porté par le frère du roi O Porte d'{Orléans}
85%
1674 Anciens chais de Paris B Barrière de {Bercy}
80%
1786 Surnom du ministère des Finances B Barrière de {Bercy}
80%
1845 S'y trouve un palais omnisports B Barrière de {Bercy}
80%
1674 Mont des Martyrs M Barrière de {Montmartre}
80%
1674 Eglise située autrefois à la campagne C Barrière de Notre-Dame des {Champs}
80%
1845 On devait y trouver beaucoup de moulins selon son nom actuel I Barrière d'{Issy}
80%
1845 Saint mort à Montmartre D Barrière du canal Saint-{Denis}
80%
1674 Saint céphalophore parisien D Barrière Saint-{Denis}
80%
1674 Cousin ou saint auxerrois G Barrière Saint-{Germain}
80%
1840 Femme de l'héritier du royaume de France D Porte {Dauphine}
80%
1973 Voiture Renault sortie en 1956 D Porte {Dauphine}
80%
1840 S'y trouvait un établissement de bains qui a influé sur le nom B Porte de {Bagnolet}
80%
1973 Rien à voir avec l'automobile B Porte de {Bagnolet}
80%
1840 On stockait sur le quai du même nom le bois de chauffage B Porte de {Bercy}
80%
1973 Mène à l'A4 B Porte de {Bercy}
80%
1190 Mont des Martyrs M Porte de {Montmartre}
80%
1840 Désormais dominé par le Sacré-Coeur M Porte de {Montmartre}
80%
1845 Permettait l'accès au point culminant de la capitale M Porte de {Montmartre}
80%
1973 On y cultive encore la vigne M Porte de {Montmartre}
80%
1973 Arbuste aux fleurs odorantes au printemps L Porte des {Lilas}
80%
1840 Ici ? I Porte d'{Issy}
80%
1973 Pour prendre un hélico, il faut s'y rendre I Porte d'{Issy}
80%
1973 Version ancienne de "beau" B Porte du {Bel}-Air
80%
1356 Dans le 18e quartier connu pour ses escaliers M Porte {Montmartre}
80%
1634 De nos jours repaire d'artistes perché M Porte {Montmartre}
80%
1000 Dionysos est son nom grec D Porte Saint-{Denis}
80%
1356 On passe dessous pour se rendre à la nécropole des rois de France D Porte Saint-{Denis}
80%
950 Saint Bourguignon qui ne connaissait pas l'AJA G Porte Saint-{Germain}-l'Auxerrois
80%
1674 N'est sûrement pas noire B Barrière {Blanche}
75%
1787 D'une couleur virginale B Barrière {Blanche}
75%
1674 Ville des Hauts-de-Seine C Barrière de {Clichy}
75%
1787 Parfois qualifié de Garenne ! C Barrière de {Clichy}
75%
1784 Embarcadère autrefois G Barrière de la {Gare}
75%
1786 Anciens abattoirs de Paris L Barrière de {La Villette}
75%
1845 Cette commune aurait pu s'appeler Rougemont M Barrière de {Montrouge}
75%
1854 A le sens de sommet écarlate M Barrière de {Montrouge}
75%
1786 Personnage articulé pour amuser les enfants P Barrière de {Pantin}
75%
1845 Pâture P Barrière de {Pré}-Saint-Gervais
75%
1784 Commune abritant une célèbre manufacture S Barrière de {Sèvres}
75%
1845 Commune des Hauts-de-Seine ou, par 2, département, mais toujours avec un S S Barrière de {Sèvres}
75%
1674 Autrefois paysan ou prénom J Barrière Saint-{Jacques}
75%
1784 Il ne faut pas faire le *** quand on est sage J Barrière Saint-{Jacques}
75%
1840 Ancien Clippiacum C Porte de {Clichy}
75%
1973 Les Clichois y demeurent C Porte de {Clichy}
75%
1840 Elle peut être d'eau ou de chemin de fer G Porte de la {Gare}
75%
1973 Austerlitz, Montparnasse, Orsay, Invalides... G Porte de la {Gare}
75%
1840 Etait-ce une petite ville ? P Porte de {La Villette}
75%
1973 Château ou capitale d'Espagne M Porte de {Madrid}
75%
1840 Un sommet qui devait se voir de loin M Porte de {Montrouge}
75%
1973 Autrefois Rubeo Monte M Porte de {Montrouge}
75%
1840 Autrefois Pentinus P Porte de {Pantin}
75%
1973 Autrefois porte d'Allemagne P Porte de {Pantin}
75%
1840 Fonctionnaire royal normand devenu évêque O Porte de Saint-{Ouen}
75%
1973 Malgré sa prononciation, n'a rien à voir avec des pleurs bruyants O Porte de Saint-{Ouen}
75%
1840 Elle ne devait cependant pas être bleue S Porte de {Sèvres}
75%
1873 2e personne singulier du subjonctif présent de "sevrer" S Porte de {Sèvres}
75%
1840 Commune des Hauts-de-Seine partiellement annexée en 1860 V Porte de {Vanves}
75%
1973 S'est appelée Venva V Porte de {Vanves}
75%
1840 Il fut le domaine d'un Victorius V Porte de {Vitry}
75%
1973 Les Vitriots y demeurent V Porte de {Vitry}
75%
1973 Signe de ponctuation P Porte du {Point}-du-Jour
75%
1840 Herbage P Porte du {Pré}-Saint-Gervais
75%
1840 Ce nom vient d'un vieux jeu ressemblant au croquet M Porte {Maillot}
75%
1973 De bain, de danseur, de corps... M Porte {Maillot}
75%
1190 Saint connu pour sa coquille J Porte Saint-{Jacques}
75%
1674 Lieu de soins H Barrière de l'{Hôpital}
70%
1784 Tout le contraire du paradis E Barrière d'{Enfer}
70%
1845 Ce village devait regorger de lapins ! V Barrière de {Villiers}
70%
1784 Commune limitrophe de Paris à ne pas confondre avec son homonyme de l'Eure I Barrière d'{Ivry}
70%
1674 Pierre qui *** n'amasse pas mousse R Barrière du {Roule}
70%
1786 Ancien hameau et quartier du 8e R Barrière du {Roule}
70%
1845 Comme un boule de flipper qui... R Barrière du {Roule}
70%
1840 Site d'un hippodrome A Porte d'{Auteuil}
70%
1973 Mène à l'A13 A Porte d'{Auteuil}
70%
1973 Fleuve des Séquanes S Porte de la {Seine}
70%
1973 Dans ce quartier du 19e se trouve un célèbre bassin V Porte de la {Villette}
70%
1190 Plutôt de fer selon son étymologie E Porte d'{Enfer}
70%
1840 Priince mérovingien, petit-fils de Clovis C Porte de Saint-{Cloud}
70%
1973 Ne le frappez pas avec un marteau ! C Porte de Saint-{Cloud}
70%
1840 Probablement en mémoire d'une villa romaine V Porte de {Villiers}
70%
1973 Rime avec millier V Porte de {Villiers}
70%
1840 Lieu des ifs étymologiquement I Porte d'{Ivry}
70%
1845 Aurait été la villa d'un certain Albert ? A Barrière d'{Aubervilliers}
65%
1836 Benjamin ou Roosevelt F Barrière de {Franklin}
65%
1674 Ménilmuche M Barrière de {Ménilmontant}
65%
1786 Ancien village aujourd'hui dans le 20e M Barrière de {Ménilmontant}
65%
1845 Son étymologie n'est pas encourageante, Villa du mauvais temps... M Barrière de {Ménilmontant}
65%
1674 Ville de Seine-Saint-Denis M Barrière de {Montreuil}
65%
1787 Ville du 9.3 M Barrière de {Montreuil}
65%
1845 Dans le 62, il est sur mer M Barrière de {Montreuil}
65%
1674 Plus belle avenue du monde C Barrière des {Champs-Elysées}
65%
1818 A vent, à eau, à huile, à grains... M Barrière des Deux-{Moulins}
65%
1674 Saint qui aimait les porcs A Barrière Saint-{Antoine}
65%
1786 Mère du Christ M Barrière Sainte-{Marie}
65%
1674 Saint patron des pâtissiers H Barrière Saint-{Honoré}
65%
1674 Archange M Barrière Saint-{Michel}
65%
1840 On y produisait les meilleurs légumes des environs A Porte d'{Aubervilliers}
65%
1973 Dans ce lieu était installée une fabrique d'allumettes ! A Porte d'{Aubervilliers}
65%
1840 Ne figure à aucun temps de "choisir" C Porte de {Choisy}
65%
1845 L'origine du nom n'a rien à voir avec la fait de prendre une option C Porte de {Choisy}
65%
1973 En cuisine, de ce lieu vient la laitue C Porte de {Choisy}
65%
1840 Autrefois Gentil G Porte de {Gentilly}
65%
1973 Les Gentiléens l'habitent G Porte de {Gentilly}
65%
1840 Ancien "gîte rural" dans une rue montante M Porte de {Ménilmontant}
65%
1973 Chanté par Trenet M Porte de {Ménilmontant}
65%
1840 Autrefois dit "sous-bois" P Porte de {Montreuil}
65%
1973 Autrefois Monasteriolum M Porte de {Montreuil}
65%
1973 Bond, my name is... J Porte de Saint-{James}
65%
1973 Jumeau de Protais G Porte du Pré-Saint-{Gervais}
65%
1973 Couleur du soleil pour les enfants J Porte {Jaune}
65%
1000 Prénom d'un docteur de l'église A Porte Saint-{Antoine}
65%
1356 On pourrait l'appeler Toine ou Tonin A Porte Saint-{Antoine}
65%
1190 Vénéré ou Révéré pourraient lui convenir H Porte Saint-{Honoré}
65%
1356 Evêque d'Amiens qui a donné bien malgré lui son nom à une pâtisserie H Porte Saint-{Honoré}
65%
1634 Proche de l'actuelle lieu de travail du Président de la République H Porte Saint-{Honoré}
65%
1845 A été le lieu du clap de fin pour Mesrine C Barrière de {Clignancourt}
60%
1674 Jeu de casino R Barrière de la {Roulette}
60%
1786 Ancienne commune rattachée à Paris en 1860 P Barrière de {Passy}
60%
1786 Femme du marchand de produits de la mer P Barrière {Poissonnière}
60%
1674 Saint de Tours et patronyme le plus répandu M Barrière Saint-{Martin}
60%
1786 Jacques ou Lamotte M Barrière Saint-{Martin}
60%
1973 Autrefois propriété d'un certain Cleninus C Porte de {Clignancourt}
60%
1840 On chante ? Neuilly, Auteuil... P Porte de {Passy}
60%
1973 Autrefois Paciacum P Porte de {Passy}
60%
1840 St Louis y rendait la justice V Porte de {Vincennes}
60%
1973 Précédemment Pissotte V Porte de {Vincennes}
60%
1356 Saint connu pour avoir partagé son manteau M Porte Saint-{Martin}
60%
1840 Arbre appelé populus en latin P Poterne des {Peupliers}
60%
1786 Site d'un ancien asile C Barrière de {Charenton}
55%
1845 Affluent de la Marne O Barrière du canal de l'{Ourcq}
55%
1674 Equidés C Barrière du marché aux {chevaux}
55%
1674 Lieu d'attache P Barrière du {port} de la Conférence
55%
1674 Père Noël dans le nord et l'est N Barrière du port Saint-{Nicolas}
55%
1674 Lieu d'incarcération pour Louis XVI T Barrière du {Temple}
55%
1786 Siège du roi T Barrière du {Trône}
55%
1973 Autrefois lieu important de pèlerinage B Porte de {Boulogne}
55%
1840 Evoque 2 départements de l'ouest et un fleuve C Porte de {Charenton}
55%
1973 On y recevait les fous à lier C Porte de {Charenton}
55%
1190 Enclos bien connu de Jacques de Molay T Porte du {Temple}
55%
1356 A l'époque ce n'est pas un lieu de culte protestant ! T Porte du {Temple}
55%
1634 Cardinal et Premier Ministre R Porte {Richelieu}
55%
1674 Démence ou construction F Barrière de la {Folie}-Regnault
50%
1845 Vaste étendue plate L Barrière de {La Plaine}
50%
1784 Sous les armes M Barrière de l'Ecole-{Militaire}
50%
1845 Elle mène chez un ancien président qui y fut maire N Barrière de {Neuilly}
50%
1786 Rongeurs peu aimés R Barrière des {Rats}
50%
1786 Coiffe de souverain C Barrière des Trois-{Couronnes}
50%
1674 Lieu cultivé J Barrière du {Jardin} du roi
50%
1784 Etat américain ou région de France M Barrière du {Maine}
50%
1674 Apôtre dont la conversion est célèbre P Barrière du port Saint-{Paul}
50%
1674 Chien ou religieux B Barrière Saint-{Bernard}
50%
1840 Il devait s'y trouver un castel C Porte de {Châtillon}
50%
1973 Autrefois Castillionis C Porte de {Châtillon}
50%
1840 Espérons que le lieu ait été silencieux ! M Porte de la {Muette}
50%
1973 On dit de l'armée qu'elle est la grande... M Porte de la {Muette}
50%
1634 On y vend des animaux portant nageoires P Porte de la {Poissonnerie}
50%
1973 Autrefois Lulliacum N Porte de {Neuilly}
50%
1840 Marchand de coquillages, crustacés et ... P Porte des {Poissonniers}
50%
1973 La marée de Boulogne passait dessous P Porte des {Poissonniers}
50%
1840 A pour origine une "villa externa" T Porte des {Ternes}
50%
1973 Ce n'est pas ici l'adjectif, elle ne maque pas d'éclat T Porte des {Ternes}
50%
1840 Patronyme d'un général d'Empire M Porte {Molitor}
50%
1973 C'est aussi le nom d'une piscine bien connue M Porte {Molitor}
50%
1537 Elle ne l'est plus depuis longtemps N Porte {Neuve}
50%
1840 Campagne où la vue porte loin L Poterne de {La Plaine}
50%
1845 Ce n'est pas une révolution R Barrière de la {Révolte}
45%
1784 Célèbre prison où on est bien soigné ? S Barrière de la {Santé}
45%
1787 Porte le nom d'un parc du 8e M Barrière de {Monceau}
45%
1674 Habitantes d'outre-Manche A Barrière des {Anglaises}
45%
1674 Ancienne commune annexée par Paris en 1860 V Barrière de {Vaugirard}
45%
1784 Quartier du 15e ou ancienne commune V Barrière de {Vaugirard}
45%
1845 Victoire française en 1806 I Barrière d'{Iéna}
45%
1784 Evoque une montagne grecque contractée M Barrière du {Montparnasse}
45%
1840 Evoque la préfecture du 52 C Porte {Chaumont}
45%
1973 Patronyme ou ancien emplacement d'un mont chauve, pelé C Porte {Chaumont}
45%
1840 Célèbre par le 22 A Porte d'{Asnières}
45%
1973 On y élevait des ânes A Porte d'{Asnières}
45%
1973 Monceau ou Saint-Denis P Porte de la {Plaine}
45%
1840 Tirerait son nom d'un soulèvement populaire en 1750 R Porte de la {Révolte}
45%
1674 Quartier du 9e et chaussée A Barrière d'{Antin}
40%
1845 Ce nom de commune laisse présumer à peu près un bon accueil A Barrière d'{Arcueil}
40%
1786 Ancienne commune annexée par Paris en 1860 B Barrière de {Belleville}
40%
1845 Aujourd'hui précédé du nom d'une forteresse russe B Barrière de {Bicêtre}
40%
1674 Quartier du 20e théâtre d'affrontements en 1962 C Barrière de {Charonne}
40%
1784 Ancêtre du réfrigérateur et du congélateur G Barrière de la {Glacière}
40%
1786 Carrefour à nombreuses branches E Barrière de l'{Etoile}
40%
1674 Le vin du même nom est produit dans l'Indre R Barrière de {Reuilly}
40%
1786 Porte le nom d'un palais de Dagobert 1er R Barrière de {Reuilly}
40%
1786 Religieux d'origine anglaise M Barrière de Saint-{Mandé}
40%
1674 Sangs des arbres S Barrière de {Sèves}
40%
1786 Contraire des vices V Barrière des {Vertus}
40%
1674 Mère de la Vierge A Barrière Sainte-{Anne}
40%
1674 Ancien évêque de Paris M Barrière Saint-{Marcel}
40%
1840 Village des arches étymologiquement A Porte d''{Arcueil}
40%
1973 Autrefois on y a construit l'aqueduc Médicis A Porte d'{Arcueil}
40%
1840 Winchester un poil modifié ! B Porte de {Bicêtre}
40%
1845 Province du Nord F Porte de {Flandre}
40%
1840 Peut-être l'ancienne propriété d'un certain Rullius R Porte de {Reuilly}
40%
1973 De nos jours associée à un philosophe prénommé Denis R Porte de {Reuilly}
40%
1840 Rien à voir avec la forme ancienne de "demander" M Porte de Saint-{Mandé}
40%
1973 Région africaine ou prénom gaëlique M Porte de Saint-{Mandé}
40%
1840 Porte fluviale C Porte du {canal} Saint-Denis
40%
1840 Division de la semaine P Porte du Point-du-{Jour}
40%
1787 Ville d'Eure-et-Loir but de pèlerinage C Barrière de {Chartres}
35%
1848 Protestantisme R Barrière de la {Réforme}
35%
1674 Quartier du 12e, sans plus de puces que les autres P Barrière de {Picpus}
35%
1786 Quartier du 12e où se trouve un discret cimetière P Barrière de {Picpus}
35%
1845 Pic pic pic et ... pas colegram P Barrière de {Picpus}
35%
1845 Commune du Val-de-Marne limitrophe de Paris S Barrière de {Saint-Mandé}
35%
1852 Rencontres militaires B Barrière des {Batailles}
35%
1786 Lutte C Barrière du {Combat}
35%
1840 Son nom est celui d'un héros de la guerre de Crimée B Porte {Brancion}
35%
1973 Aussi un château bourguignon B Porte {Brancion}
35%
1840 Nom d'un lieu peut-être propriété d'un Pierre C Porte de {Champerret}
35%
1973 Peut désigner un garde-champêtre C Porte de {Champerret}
35%
1190 On y stocke les armes A Porte de l'{Arsenal}
35%
1840 Surnom d'un religieux guérisseur de boutons !!! P Porte de {Picpus}
35%
1973 Ensembles de grains de quartz abrasifs S Porte des {Sablons}
35%
1190 Proche d'une abbaye nommée d'après un martyr V Porte Saint-{Victor}
35%
1786 Etymologiquement "petite cour" C Barrière de {Courcelles}
30%
1845 Etymologiquement "petit jardin" C Barrière de {Courcelles}
30%
1674 On connait ses accords G Barrière de {Grenelle}
30%
1784 Devenu un nom commun chez les journalistes G Barrière de {Grenelle}
30%
1786 Commune du Puy-de-Dôme siège de cour d'appel R Barrière de {Riom}
30%
1826 Ville de Haute-Vienne fief de ducs R Barrière de {Rochechouart}
30%
1674 Célèbre manufacture parisienne G Barrière des {Gobelins}
30%
1786 En mémoire des morts pour leur foi M Barrière des {Martyrs}
30%
1840 Ancienne Corcella C Porte de {Courcelles}
30%
1973 Ancien hameau de Clichy C Porte de {Courcelles}
30%
1674 Théâtre d'un attentat qui n'était pas petit en 1962 C Barrière de {Clamart}
25%
1674 Prélat E Barrière de la Ville-l'{Evêque}
25%
1674 Gallinacées P Barrière des {Poules}
25%
1674 Lieu d'une célèbre arrestation un peu amputé V Barrière de {Varenne}
25%
1674 Religieux fondateur d'ordre D Barrière Saint-{Dominique}
25%
1674 Martyrisé sur un gril L Barrière Saint-{Laurent}
25%
1674 Ressuscité par le Christ L Barrière Saint-{Lazare}
25%
1840 Aujourd'hui associé à une ville homonyme d'une autre du 62 B Porte de {Billancourt}
25%
1973 On y courre monté H Porte de l'{Hippodrome}
25%
1840 Ville romaine ou de Romain ? R Porte de {Romainville}
25%
1840 On connait cette famille associée à Bottin D Porte {Didot}
25%
1973 Souvenir d'une famille d'imprimeurs D Porte {Didot}
25%
950 Moine du Morvan nommé Médéric mais dont le nom a évolué M Archet Saint-{Merri}
20%
1820 Ancienne prison parisienne R Barrière de la {Roquette}
20%
1674 A un T près c'est un joli parc M Barrière de {Montceau}
20%
1845 Rien à voir avec la navigation du même nom P Barrière de {Plaisance}
20%
1784 Ils sont chauds même sans être hauts F Barrière des {Fourneaux}
20%
1786 Citernes par exemple R Barrière des {Réservoirs}
20%
1973 C'est plutôt la moutarde qui monte... M Porte de {Montempoivre}
20%
1840 A pris le nom d'un ancien château plus tard loti P Porte de {Plaisance}
20%
1973 Du nom d'une ferme qui devait être bien agréable à vivre P Porte de {Plaisance}
20%
1840 Opposé à haut M Porte du Bas-{Meudon}
20%
1973 Bien connue pour son "blanc" M Porte du Bas-{Meudon}
20%
1840 Etymologie inconnue ! Un rapport avec une épice chère au Moyen-âge ? M Poterne de {Montempoivre}
20%
1784 Patronyme ou quartier du 13e qui n'est pas spécialement velu C Barrière de {Croulebarbe}
15%
1674 Lieu de supplice C Barrière de la {Croix}-Faubin
15%
1674 Capitale de Stanislas P Barrière de {Pologne}
15%
1787 Célèbre sculpteur P Barrière {Pigalle}
15%
1190 Village de Serbie ou rue de St Germain des Prés B Porte de {Buci}
15%
1840 Nom d'un biologiste célèbre en son temps repris par une avenue P Porte {Pouchet}
15%
1973 Rien à voir avec le coquillage, absent de ce lieu P Porte {Pouchet}
15%
1787 Petite pinte ? C Barrière de la {Chopinette}
10%
1674 Famille de ducs parfois sentencieux L Barrière de {La Rochefoucauld}
10%
1973 Porte le nom d'un général tué en Crimée B Porte {Brunet}
10%
1973 Château ou occupation futile B Porte de {Bagatelle}
10%
1840 Il ne saurait être question d'éclats de lumière, même brefs C Porte de {Clignacourt}
10%
1190 On connait mieux la tour que la porte N Porte de {Nesles}
10%
1674 Une pièce évoque sa folle C Barrière de {Chaillot}
5%
1674 Rien à voir avec l'emmental en lanière L Barrière de {La Rapée}
5%
1786 Rien à voir avec la cuisine mais avec un commissaire des guerres de Louis XV L Barrière de {La Rapée}
5%
1786 Lieu de revue L Barrière de {Longchamp}
5%
1786 Arbres fruitiers A Barrière des {Amandiers}
5%
1784 Ceux-là n'étaient pas devant les portes ! P Barrière des {Paillassons}
5%
1674 Orne certains chapeaux surtout militaires P Barrière {Plumet}
5%
950 Seule une place du 4e en garde la mémoire B Porte {Baudoyer}
5%
1845 Nom d'un vaste plateau de Seine-Saint-Denis A Porte d'{Avron}
5%
1190 Son nom évoque une petite tour T Porte de la {Tournelle}
5%
1840 Autrefois une plaine sablonneuse S Porte de {Sablonville}
5%
1674 Par définition c'est le jardin d'une ferme C Barrière de {Courtille}
0%
1786 Commune basque F Barrière de {Fontarabie}
0%
1821 Lieu de préparation d'abats spécifiques B Barrière de la {Boyauderie}
0%
1674 Autrefois on parlait de "causerie" C Barrière de la {Conférence}
0%
1784 C'est juste un petit canal, rien de scatologique là ! C Barrière de la {Cunette}
0%
1840 Célèbre amiral bien loin de la mer P Barrière de {La Motte-Picquet}
0%
1674 Le fief et la rue ont disparus, reste une caserne transformée L Barrière de {Lourcine}
0%
1674 Religieux qui peuvent être déchaussés C Barrière des {Carmes}
0%
1674 Chats gris ou religieux C Barrière des {Chartreux}
0%
1674 Nom de famille ou phonétiquement portiques voûtés P Barrière des {Porcherons}
0%
1845 Dans ce lieudit aurait eu lieu à l'aube un duel P Barrière du {Point-du-Jour}
0%
1634 De St Vincent de Paul ? C Porte de la {Conférence}
0%
Aucun quiz correspondant
Distribution des résultats
% des personnes avec chaque résultat
Percentile par nombre de réponses
Votre historique - résultats
Vous n’avez pas pris ce quiz